El césped y su cultivo. Guía técnica.

Saved in:
Bibliographic Details
Main Author: Cirera, Josep (autor)
Format: Book
Published: Barcelona, España: Semillas Fitó, S.A.U., 2023.
Edition:Segunda edición.
Subjects:
Tags: Add Tag
No Tags, Be the first to tag this record!

MARC

LEADER 00000nam a22000007a 4500
003 CL-VaPUC
005 20250403105203.0
008 250403t2023 ||||| |||| 00| 0 spa d
999 |c 447846  |d 447844 
020 |a 8410579013011 
040 |c Pontificia Universidad Católica de Valparaíso 
082 7 |2 22  |a 635.9642 CIR 2023 
100 1 |a Cirera, Josep   |e autor  |9 897872 
245 1 3 |a El césped y su cultivo.   |b Guía técnica.  
250 |a Segunda edición.  
260 |a Barcelona, España:  |b Semillas Fitó, S.A.U.,   |c 2023. 
300 |a 333 páginas :  |b ilustraciones.  
500 |a c.1. Donación Profesor Sr. Wilson Barros. Escuela de Agronomía. Biblioteca de Agronomía.  
583 |c 20250403  |k GC 
650 |a Césped   |x Cultivo  |9 897874 
650 |a Césped  |x Plagas y enfermedades   |9 897875 
942 |2 ddc  |c BK  |n 1 
952 |0 0  |1 0  |2 ddc  |4 0  |6 635_964200000000000_CIR_2023  |7 0  |8 A  |9 602138  |a BIBAGR  |b BIBAGR  |d 2025-04-03  |e Donación   |i 5666849  |o 635.9642 CIR 2023  |p 5666849  |r 2025-04-03  |t 1  |w 2025-04-03  |y BK  |k AGR